| 000 | 00560nam a2200193Ii 4500 | ||
|---|---|---|---|
| 003 | JO-AjNU | ||
| 008 | 230606s9999||||xx |||||||||||||| ||und|| | ||
| 040 |
_aJO-AjNU _beng _erda _cJO-AjNU |
||
| 041 | _aeng | ||
| 050 | 1 | 4 | _aHF5816 .E65 2009 |
| 100 | 3 |
_aد. مؤلف, _eauthor _91912 |
|
| 245 | 0 | 0 | _aEpica Book 22 : Europe's best advertising |
| 264 | 3 | 1 | _aLausanne: AVA,2009 |
| 300 | _a391p | ||
| 336 |
_atext _btxt _2rdacontent |
||
| 337 |
_aunmediated _bn _2rdamedia |
||
| 338 |
_avolume _bnc _2rdacarrier |
||
| 650 | 4 |
_aCommercial art--Awards--Europe. _91913 |
|
| 999 |
_aE1006 _c1006 _d1006 |
||